000 00683nam a22002417a 4500
005 20220715164012.0
008 220715b ||||| |||| 00| 0 eng d
040 _cAloy
041 _aeng
082 _223
_a355.009
_bSINB
100 _aJ J Singh an and others
_950178
245 _aBeyond the battlefied
260 _aMumbai:
_bThe Flag Officer Commanding,
_c2009
300 _a149p.
_bHB
_c28x22cm.
365 _2Military Science
650 _aMilitary Science
_950179
650 _aMarch of Maratha
_950180
650 _aMumbai the Ship
_950181
700 _aSINGH (J J)
_950182
700 _aSHANKAR (Vijay)
_950183
700 _aSAYYAD (Azeem)
_950184
942 _2ddc
_cGF
999 _c223854
_d223854